000 00555nam a2200205 i 4500
001 7699
003 ES-MaACL
005 20250826063127.0
007 t|
008 910323s1989 sp ||||1| spa d
020 _a84-86832-42-X
080 _a86-32"19"
080 _a86(Maura,A.7 V.01)
100 1 _aMaura, Antonio,
_d1953-
_9165500
245 1 0 _aVoz de humo /
_cAntonio Maura.
260 _aMadrid :
_bBitacora,
_cD.L. 1989.
300 _a151 p. ;
_c21 cm.
852 _aES-MaACL
_jL-14936
_bR.119132
_z. - rust.
999 _c7699
_d7699